| 000 | 00574cam a22001815a 4500 | ||
|---|---|---|---|
| 001 | L154764 | ||
| 008 | 120117s1956 xxk f 000 0 eng d | ||
| 035 | _a(Sirsi) u154764 | ||
| 041 | 0 | _aeng | |
| 110 | 2 |
_aRoyal Institution of Chartered Surveyors _bSurrey Branch _9846 |
|
| 245 | 0 | 4 | _aThe story of Surrey in maps |
| 260 |
_a[Ipswich _bW. S. Cowell _c1956] |
||
| 300 |
_a63p. _c24cm. |
||
| 520 | _aCatalogue of an exhibition held at County Hall, Kingston-upon-Thames from 17-29 September 1956. | ||
| 651 | 4 |
_aUnited Kingdom _y |
|
| 690 |
_aMeasurement _96256 |
||
| 942 | _n0 | ||
| 999 |
_c113140 _d113140 |
||